000 00392nam a2200157Ia 4500
008 230711s9999||||xx |||||||||||||| ||und||
041 _aENG
082 _a5
_bBA-D
100 _aBartee,Thomas C
245 0 _aDigital computer fundementals
250 _a6th
260 _c1991
_aNew Delhi
_bTata McGraw Hill Education Limited
300 _a610
650 _aComputer Engineering
942 _cBK
999 _c1709
_d1709